00660nam a2200217Ia 450000500170000000800410001702000270005804000190008504100120010408200130011610000190012924500480014826000260019630000140022250400330023665000290026985000100029894200070030899900160031595201110033120230201135814.0131103s9999 xx 000 0 und d aSBN 41641846cGBP 2.20 aLoreto College aEnglish a882bSOP aWebster,T.B.L. 3aAn introduction to SophoclescT.B.L.Webster aLondonbMethuenc1969 ax,220 p.  aIncludes appendix and index aSophocles,4496 -406 B.C. aLCLIB cBK c5871d56350 00102ddc4070aMAINbMAINd2013-11-04l1o882 SOP 22560pB5739r2016-08-08s2016-08-08w2013-11-04yBKf